|
|
|
|
| LEADER |
00000nam a22000007a 4500 |
| 003 |
cru CIDCACS/IIS |
| 005 |
20180917102030.0 |
| 008 |
180917b1988 cr ||||| |||| 00| 0 spa d |
| 999 |
|
|
|c 41696
|d 41696
|
| 040 |
|
|
|c cru CIDCACS/IIS
|
| 090 |
|
|
|a REV0750 (15) 1988
|
| 100 |
1 |
|
|9 7655
|a Ruiz, María Teresa
|
| 110 |
2 |
|
|9 7636
|a Departamento Ecuménico de Investigaciones (DEI)
|
| 245 |
1 |
4 |
|a Las etnias y la Nueva Sociedad :
|b el caso nicaragüense
|c María Teresa Ruíz
|
| 260 |
|
|
|a San José, Costa Rica
|b DEI
|c 1988
|
| 300 |
|
|
|a 13-19 páginas
|
| 650 |
1 |
7 |
|2 Macrotesauro OCDE
|9 1839
|a DEUDA EXTERNA
|
| 650 |
1 |
0 |
|2 Macrotesauro OCDE
|9 4725
|a INDIGENAS
|
| 650 |
1 |
0 |
|2 Macrotesauro OCDE
|9 4723
|a ECONOMIA POLITICA
|
| 650 |
1 |
0 |
|2 Macrotesauro OCDE
|9 284
|a POBREZA
|
| 651 |
1 |
0 |
|2 Macrotesauro OCDE
|9 17
|a AMERICA LATINA
|
| 773 |
0 |
|
|0 41641
|9 2258
|a Departamento Ecuménico de Investigaciones (DEI)
|d San José, Costa Rica Departamento Ecuménico de Investigaciones (DEI)
|o 20044
|t Pasos /
|
| 942 |
|
|
|2 ddc
|c PP
|